Responses for Show #316 - Monday, November 25, 1985

Harvey Becker game 5.
Missing first segment.

Contestants

[<< previous game]

Lynne Kopell, from

Tony De La Rosa, a seminary and law student from Los Angeles, California

Harvey Becker, an attorney turned writer from Old Bridge, New Jersey (whose 4-day cash winnings total $55,400)

[next game >>]

Jeopardy! Round responses

WORD ORIGINS
BIOLOGY
LOVE
MUSIC ON THE MAP
THE '20S
HODGEPODGE
    $100 6
=

Triple Stumper
    $100 1
=

Tony
    $100 21
spring

Lynne
    $100 17
Kansas City

Harvey
    $100 7
=

Triple Stumper
    $100 12
=

Triple Stumper
    $200 18
whippersnapper

Harvey
    $200 2
=

Harvey
    $1,000 22
(Lynne: Who is Frankie Avalon?)
...
(Alex: And we had an extra "in" in that clue. It's a mistake. We make 'em.)

Bobby Darin

Lynne
    $200 25
Chicago

Lynne
    $200 8
=

Tony
    $200 13
=

Triple Stumper
    $300 19
golf

Triple Stumper
    $300 3
=

Lynne
    $300 23
(Lynne: What is Latin?)

Greek

TonyLynne
    $300 26
Pittsburgh, Pennsylvania

Triple Stumper
    $300 9
=

Tony
    $300 14
=

Triple Stumper
    $400 20
(Harvey: What is missus?)

mistress

HarveyLynne
    $400 4
=

Triple Stumper
    $400 27
[The end-of-round signal sounds.]

Seattle

Harvey
    $400 10
=

Triple Stumper
    $400 15
Chipmunks

Tony
    $500 24
(Lynne: What is podium?)
...
(Alex: Not the margarine.)

parquet

Lynne
Triple Stumper
    $500 5
=

Lynne
    $500 11
=

Tony
    $500 16
motion sickness

Triple Stumper

Scores at the first commercial break (after clue 14):

Harvey Tony Lynne
$200 $1,100 $800

Scores at the end of the Jeopardy! Round:

Harvey Tony Lynne
$500 $1,800 -$300

Double Jeopardy! Round responses

WOMEN IN HISTORY
BRIDES & GROOMS
ISLANDS
WORLD POLITICS
THE BIBLE
GWTW
(Alex: That last category is in reference to Gone with the Wind, that epic work by Margaret Mitchell.)
    $200 4
Marie Antoinette

Lynne
    $200 11
veil

Tony
    $200 19
Vancouver Island

Lynne
    $200 16
Taiwan

Tony
    $200 2
Job

Lynne
    $200 1
[Before first pick]
(Alex: Harvey, you're in.)
[Harvey shakes head.]
(Alex: Oh no, Lynne is in third place right now at ‑$300.)
[Harvey points to Lynne.]

Margaret Mitchell

Tony
    $400 6
Joan of Arc

Lynne
    $400 27
18

Harvey
    $400 20
Krakatoa

Tony
    $400 18
China

Lynne
    $400 5
wine

Harvey
    $400 3
(Harvey: [Preparing to select the next clue] Get out of that.)

Twelve Oaks

Harvey
    $600 7
(Harvey: Who is Bella Abzug?)

Clare Boothe Luce

Harvey
Triple Stumper
    $600 21
...
(Alex: 26 miles across the sea.)

Catalina

Triple Stumper
    $600 22
Gibraltar

Harvey
    $1,000 14
Joshua

Tony
    $600 8
(Tony: Who is Clark Gable?)

George Reeves

Tony
Triple Stumper
    $1,000 12
Wallis Warfield Simpson

Tony
    $800 29
[The end-of-round signal sounds.]

penny

Lynne
    $800 25
Galveston

Tony
    $800 23
Saudi Arabia

Harvey
    $800 15
Seth

Harvey
    $800 9
Hattie McDaniel

Lynne
    $1000 13
Charlotte Corday

Triple Stumper
    $1000 28
banns

Lynne
    $1000 26
(Lynne: What is Jamaica?)

Trinidad

TonyLynne
    $1000 24
France

Tony
    $1000 17
Paul

Tony
    $1000 10
Max Steiner

Triple Stumper

Scores at the end of the Double Jeopardy! Round:

Harvey Tony Lynne
$3,300 $8,000 $2,700
(lock game)

[wagering suggestions for these scores]

Final Jeopardy! Round responses

BROADCASTING
LynneWho is Arthur Godfrey
$2,500
HarveyWho is Bob Hope?
$3,300
TonyWho is Bob Hope?
$1,300
Bob Hope

Final scores:

Harvey Tony Lynne
$6,600 $9,300 $200
2nd place: Hardwick gas range & Le Creuset cookware New champion: $9,300 3rd place: Bushnell binoculars

Game dynamics:

Coryat scores:

Harvey Tony Lynne
$3,300 $7,400 $3,700
10 R,
2 W
16 R
(including 2 DDs),
1 W
13 R,
4 W
(including 1 DD)

Combined Coryat: $14,400

[game clues] [game scores] [suggest correction]

Game tape date: 1985-08-13
The J! Archive is created by fans, for fans. Scraping, republication, monetization, and malicious use prohibited; this site may use cookies and collect identifying information. See terms. The Jeopardy! game show and all elements thereof, including but not limited to copyright and trademark thereto, are the property of Jeopardy Productions, Inc. and are protected under law. This website is not affiliated with, sponsored by, or operated by Jeopardy Productions, Inc. Join the discussion at JBoard.tv.